Guess the Animal - Statistics

General Stats
  • This quiz has been taken 176 times
  • The average score is 7 of 10
Answer Stats
Picture Answer % Correct
Bear
99%
Polar Bear
99%
Cat
96%
Scorpion
86%
Monkey
84%
Lion
76%
Lobster
64%
Axolotl
58%
Ape
42%
Sailfish
12%
No matching quizzes found
Score Distribution
Percent of People with Each Score
Percentile by Number Answered
Your Score History
You have not taken this quiz